000 01278 a2200205 4500
020 _a0130219193
020 _a9780130219190
082 0 4 _a658.4012
090 _c3016
_d3016
100 1 _aMische, Michael A.
245 1 0 _aStrategic renewal :
_bbecoming a high-performance organization /
_cMichael A. Mische.
250 _a1st ed.
260 _a[S.l.] :
_bPrentice Hall,
_c2000.
300 _a300 p. ;
_c24 cm.
500 _aPaperback.
520 _aThis book focuses on the critical aspects and qualities that high performance companies share, irrespective of industry, and examines how these qualities can be used as a basis for strategic renewal, revitalization, and high performance. Strategic Renewal is an excellent reference on crafting strategy and organizational change for high performance. Defining High Performance and Strategic Renewal. Globalization. Workforce Diversification Mobility. Information Technology. Innovation. Strategic Leadership. Operational Excellence. Business Integration. For corporate managers in all industries.
856 4 0 _3Amazon.com
_uhttp://www.amazon.com/exec/obidos/ASIN/0130219193/chopaconline-20
856 4 0 _3Amazon customer reviews
_uhttp://www.chopac.org/cgi-bin/tools/azrev.pl?q=0130219193
942 _aNBS
_cBK
_k658.41012 MIS
999 _c345506
_d345506